Das landwirtschaftliche Genossenschaftswesen in der Slowakei

Bibliographic Details
Main Author: Kukuča, Jozef, 1897-1985 (Author)
Format: Book
Language:German
Slovak
PhysicalDescription:45, [3] s. ilustrácie 21 cm
Published: Bratislava [vydavateľ nie je známy] 1938
Subjects:

MARC

LEADER 00000cam a2200000 a 4500
001 vtls008381294
003 SK-MaSNL
005 20260302004041.0
008 250313s1938 xo o g 000 0 ger
015 |a SNBA19191938-003233 
035 |a SK01SNKBIKKM20010073511 
035 |a urn:nbn:sk:snk-am3hk2f 
035 |a 0331630F-BA77-47A0-9917-C2F372EB4C0D 
035 |a urn:nbn:sk:snk-am00d358 
035 |a SKM000075974 
040 |a SNK  |b slo  |c SNK  |e AACR2 
041 1 |a ger  |h slo 
044 |a xo  |c SK 
080 |a 334  |2 1981 
080 |a 63  |2 1981 
100 1 |a Kukuča, Jozef,  |d 1897-1985  |4 aut  |9 10762 
245 1 4 |a Das landwirtschaftliche Genossenschaftswesen in der Slowakei  |c Josef Kukuča 
260 |a Bratislava  |b [vydavateľ nie je známy]  |c 1938  |e Bratislava  |f Linografia 
300 |a 45, [3] s.  |b ilustrácie  |c 21 cm 
650 0 7 |a poľnohospodárske družstvá  |2 SNKPH  |9 30107 
655 7 |a brožúry  |2 SNKPH  |9 70146 
852 |a Slovenská národná knižnica 
954 |a odborná, vedecká literatúra pôvodná (slovenská)  |2 lita 
958 |a OND 
958 |a RK 
958 |a TL 
999 |c 994407  |d 996337 
952 |a SNK  |b SNK  |y VYP  |7 0  |p 17A1542667  |o snkSC 2483 D1  |i snkK 1909/64  |8 3  |0 0  |1 0  |4 0  |d 2024-03-18  |l 0  |r 2026-02-24 11:59:45  |w 2026-02-24 
952 |a SNK  |b SNK  |y PREZ  |7 0  |p 17A0753287  |o snkSC 2483  |i snk1535/38  |0 0  |1 0  |4 0  |d 2018-06-12  |f 1  |l 0  |r 2025-06-17 00:00:00  |w 2026-02-24